000
00301nam a2200109Ia 4500
008
180205s9999 xx 000 0 und d
020
_a
440218012
100
_a
Seller, Charles E
245
_c
Russel, Brian
_a
Ancient secrets of the bible /
260
_a
USA
_b
Dell publishing
_c
1994
300
_a
372 pages
999
_c
354845
_d
354845